000 00861nam a2200253Ia 4500
003 OSt
005 20220923212214.0
006 a|||||r|||| 00| 0
007 ta
008 220922b |||||||| |||| 00| 0 hin d
024 _a151,655
037 _cTextual
040 _aARTS
_cARTS
_bhin
041 _2hin
_ahin
082 _a/\2xN31:g, 152L3
100 _aप्रसाद, रामचन्द्र
245 0 _aरजनीश
_b समन्वय विश्लेषण और ससिद्धिो
246 _aRajanīsha: sahinvaya vishleṣhaṇ aur sasiddhio
250 _aसंस्क 2
260 _aदिल्ली
_b बनारसी दास
_c1973
300 _a214 पृ.
_ccm.
942 _h/\2xN31:g, 152L3
_cTEXL
_2CC
999 _c307328
_d307328